Entrepreneurship : strategies and resources (Record no. 4688)
[ view plain ]
| 000 -LEADER | |
|---|---|
| fixed length control field | 00492 a2200169 4500 |
| 020 ## - INTERNATIONAL STANDARD BOOK NUMBER | |
| International Standard Book Number | 9780971313064 |
| 040 ## - CATALOGING SOURCE | |
| Original cataloging agency | DLC |
| Language of cataloging | DLC |
| 082 00 - DEWEY DECIMAL CLASSIFICATION NUMBER | |
| Classification number | 658.4/21 |
| 100 1# - MAIN ENTRY--PERSONAL NAME | |
| Personal name | Dollinger, Marc J. |
| 245 10 - TITLE STATEMENT | |
| Title | Entrepreneurship : strategies and resources |
| Remainder of title | strategies and resources |
| Statement of responsibility, etc. | Marc J. Dollinger. |
| 250 ## - EDITION STATEMENT | |
| Edition statement | 3rd ed. |
| 260 ## - PUBLICATION, DISTRIBUTION, ETC. | |
| Place of publication, distribution, etc. | Lombard, Ill. : |
| Name of publisher, distributor, etc. | Marsh Publications, |
| Date of publication, distribution, etc. | 2008. |
| 300 ## - PHYSICAL DESCRIPTION | |
| Extent | p. cm. |
| 650 #0 - SUBJECT ADDED ENTRY--TOPICAL TERM | |
| Topical term or geographic name entry element | New business enterprises. |
| 650 #0 - SUBJECT ADDED ENTRY--TOPICAL TERM | |
| Topical term or geographic name entry element | Entrepreneurship. |
| 942 ## - ADDED ENTRY ELEMENTS (KOHA) | |
| Koha item type | Book |
| Call number prefix | 658.421 DOL |
| Source of classification or shelving scheme | |
| Withdrawn status | Lost status | Damaged status | Not for loan | Collection code | Permanent Location | Current Location | Shelving location | Date acquired | Source of acquisition | Cost, normal purchase price | Total Checkouts | Total Renewals | Full call number | Barcode | Date last seen | Date last checked out | Price effective from | Koha item type | Checked out |
|---|---|---|---|---|---|---|---|---|---|---|---|---|---|---|---|---|---|---|---|
| Central Library (CL) | Central Library (CL) | General Stacks | 11/14/2006 | Allied Book Company | 279.00 | 3 | 1 | 658.421 DOL | SEECS007764 | 01/22/2025 | 02/25/2021 | 01/05/2017 | Book | ||||||
| Central Library (CL) | Central Library (CL) | General Stacks | 11/14/2006 | Allied Book Company | 279.00 | 4 | 1 | 658.421 DOL | SEECS007763 | 10/03/2018 | 10/03/2018 | 01/05/2017 | Book | 11/02/2018 | |||||
| Central Library (CL) | Central Library (CL) | General Stacks | 11/14/2006 | Allied Book Company | 279.00 | 2 | 3 | 658.421 DOL | SEECS007762 | 05/29/2024 | 11/05/2019 | 01/05/2017 | Book | ||||||
| Central Library (CL) | Central Library (CL) | General Stacks | 11/14/2006 | Allied Book Company | 279.00 | 2 | 658.421 DOL | SEECS007766 | 02/01/2022 | 09/18/2019 | 01/05/2017 | Book |
